[Event "Continental op 48th"]
[Site "Sturbridge"]
[Date "2018.08.18"]
[Round "5"]
[White "Riddell, John F"]
[Black "Genger, Eitan"]
[Result "0-1"]
[WhiteElo "2103"]
[BlackElo "1903"]
[PlyCount "108"]
[EventDate "2018.08.16"]
[EventType "swiss"]
[EventRounds "9"]
[EventCountry "USA"]
[SourceTitle "CBM 186 Extra"]
[Source "ChessBase"]
[SourceDate "2018.08.24"]
[SourceVersion "1"]
[SourceVersionDate "2018.08.24"]
[SourceQuality "1"]

1. e4 c6 2. c4 d5 3. exd5 cxd5 4. cxd5 Qxd5 5. Nc3 Qa5 6. d4 e6 7. Nf3 Nf6 8. Bd3 Be7 9. 0-0 0-0 10. Bg5 Nc6 11. a3 Nd5 12. b4 Nxc3 13. Qc2 Nxd4 14. bxa5 Nxc2 15. Bxe7 Nxa1 16. Bxf8 Kxf8 17. Rxa1 Bd7 18. Ne5 Ke7 19. f4 g6 20. g4 f6 21. Nf3 Bc6 22. Nd4 Rd8 23. Nxc6+ bxc6 24. Bf1 Rd5 25. Rc1 Rc5 26. Rc2 Na4 27. Bc4 Rxa5 28. Re2 e5 29. g5 fxg5 30. fxg5 Nc3 31. Rf2 Nd5 32. Rb2 Kd6 33. Rb7 Ra4 34. Bxd5 cxd5 35. Rxh7 Ke6 36. h4 Kf5 37. Rf7+ Kg4 38. Rf6 Kxh4 39. Rxg6 Rg4+ 40. Kf2 Rxg5 41. Rh6+ Kg4 42. Rh7 d4 43. Rxa7 Rf5+ 44. Ke2 Kf4 45. Rd7 Rh5 46. a4 Ke4 47. Rb7 Rh2+ 48. Kd1 Ke3 49. Re7 Kd3 50. Ke1 Rh1+ 51. Kf2 e4 52. a5 Ra1 53. Re5 e3+ 54. Kg2 Kd2 0-1

[Event "Continental op 48th"]
[Site "Sturbridge"]
[Date "2018.08.16"]
[Round "1"]
[White "Genger, Eitan"]
[Black "Isakov, Michael G"]
[Result "0-1"]
[WhiteElo "1903"]
[BlackElo "2163"]
[PlyCount "74"]
[EventDate "2018.08.16"]
[EventType "swiss"]
[EventRounds "9"]
[EventCountry "USA"]
[SourceTitle "CBM 186 Extra"]
[Source "ChessBase"]
[SourceDate "2018.08.24"]
[SourceVersion "1"]
[SourceVersionDate "2018.08.24"]
[SourceQuality "1"]

1. Nf3 d5 2. d4 Nf6 3. c4 e6 4. g3 Be7 5. Bg2 0-0 6. 0-0 Nbd7 7. cxd5 exd5 8. Nc3 Re8 9. Ne5 c6 10. f4 Nf8 11. h3 Qd6 12. a3 a5 13. Kh2 Rb8 14. Qc2 g6 15. g4 Ne6 16. Qd2 Ng7 17. Na4 Bd8 18. b4 Ra8 19. Qb2 Nd7 20. e3 f6 21. Nd3 b5 22. Nac5 Nb6 23. Qc3 h5 24. Bf3 hxg4 25. hxg4 Nc4 26. e4 dxe4 27. Nxe4 Qc7 28. Ndc5 Ne6 29. Be2 Nxc5 30. Bxc4+ bxc4 31. Nxc5 Bxg4 32. Qxc4+ Kg7 33. Kg3 Be2 34. Ne6+ Rxe6 35. Qxe6 Bxf1 36. Bb2 Bd3 37. Rh1 Qe7 0-1